000
00307nam a2200133Ia 4500
005
20251222143132.0
008
251222s9999||||xx |||||||||||||| ||spa||
082
_a
985.86/H43
100
_a
Hernández, Max
245
0
_a
Entre el Mito y la Historia
250
_a
1ra.ed
264
_b
Ausonia
942
_c
LIB
999
_c
11957
_d
11957